| 000 | 00708nam a22002177a 4500 | ||
|---|---|---|---|
| 005 | 20130910161614.0 | ||
| 010 | _aENG-108312 | ||
| 020 |
_a9789350353455 _c525.00 |
||
| 035 | _aEN-91845 | ||
| 037 | _bDBAD/PUB | ||
| 082 | _a346.54086 | ||
| 100 | _aKumar,H.L. | ||
| 245 | 1 | 0 |
_aPractical guide to employees' state insurance : _cby H.L. Kumar [and] Gaurav Kumar _bact, rules and regulations / |
| 250 | _a12th ed | ||
| 260 |
_aNew Delhi _bUniversal Law Publishing _c2013 |
||
| 270 |
_aC-FF-1A, Dilkhush Industrial Estate, G.T. Karnal Road _bDelhi _e110033 |
||
| 300 |
_axlvii,512p. _c24cm(pbk) |
||
| 500 | _aIncludes index | ||
| 700 | _aGaurav Kumar | ||
| 942 |
_2ddc _cEN _mKUM _h346.54086 |
||
| 999 |
_c78580 _d78580 |
||